[Event "FRA-chT U20"]
[Site "Pau"]
[Date "2005.12.19"]
[Round "6"]
[White "Jorda, Thomas"]
[Black "Guilleux, Fabien"]
[Result "1-0"]
[WhiteElo "1840"]
[BlackElo "1983"]
[PlyCount "39"]
[EventDate "2005.12.??"]
[EventType "team-tourn"]
[EventRounds "11"]
[EventCountry "FRA"]
[SourceTitle "EXT 2007"]
[Source "ChessBase"]
[SourceDate "2006.11.23"]
[SourceVersion "1"]
[SourceVersionDate "2006.11.23"]
[SourceQuality "1"]
[WhiteTeam "Hyeres"]
[BlackTeam "Creteil"]
[WhiteTeamCountry "FRA"]
[BlackTeamCountry "FRA"]

1. e4 c5 2. Nf3 d6 3. Nc3 Nf6 4. Bc4 Nc6 5. d4 cxd4 6. Nxd4 Qb6 7. Nxc6 bxc6 8. Bb3 e6 9. 0-0 Be7 10. Be3 Qc7 11. f4 0-0 12. Rf3 Re8 13. Rh3 Bf8 14. Qf3 e5 15. f5 h6 16. g4 Kh8 17. g5 Ng8 18. Kh1 Rb8 19. Rg1 Rb7 20. Qg4 1-0

[Event "FRA-ch op-C"]
[Site "Chartres"]
[Date "2005.??.??"]
[Round "8"]
[White "Amatucci, Bruno"]
[Black "Jorda, Thomas"]
[Result "0-1"]
[WhiteElo "1650"]
[BlackElo "1700"]
[PlyCount "76"]
[EventDate "2005.08.15"]
[EventType "swiss"]
[EventRounds "11"]
[EventCountry "FRA"]
[SourceTitle "EXT 2006"]
[Source "ChessBase"]
[SourceDate "2005.11.24"]
[SourceVersion "1"]
[SourceVersionDate "2005.11.24"]
[SourceQuality "1"]

1. c4 Nf6 2. d4 g6 3. Nc3 d5 4. e3 Bg7 5. h3 0-0 6. Nf3 c5 7. Be2 Nc6 8. 0-0 Be6 9. Ng5 cxd4 10. cxd5 Bxd5 11. exd4 Qb6 12. Re1 Rad8 13. Nxd5 Nxd5 14. Nf3 Nxd4 15. Bc4 Nxf3+ 16. Qxf3 e6 17. Rb1 Qb4 18. Bg5 Qxc4 19. Bxd8 Rxd8 20. Red1 Qxa2 21. Ra1 Qxb2 22. Rxa7 Qb6 23. Ra3 Qc5 24. Rb3 b5 25. Qd3 Rb8 26. Qd2 Qc4 27. Qa2 b4 28. Rdb1 Bc3 29. Qa7 Rf8 30. Qa2 Qd4 31. Qc2 Qd2 32. Qe4 Ra8 33. Qc4 Ra1 34. Rxa1 Bxa1 35. Rd3 Qe1+ 36. Kh2 Be5+ 37. Rg3 Bxg3+ 38. fxg3 Qc3 0-1